| 000 | 00447cam a2200181ua 4500 | ||
|---|---|---|---|
| 020 | _c16.00 | ||
| 041 |
_ahin _h |
||
| 082 |
_a891.54 _bASH/KH |
||
| 100 | _aAsha, Gupta . | ||
| 245 |
_aKhadiboli kavya mem abhivyanja / _cAsha Gupta. _hTextual Documents |
||
| 250 |
_a1 / _b. |
||
| 260 |
_aNew Delhi : _bNational Publishing House , _c1961. |
||
| 300 | _a479 ; . | ||
| 365 | _a16.00 | ||
| 504 | _a | ||
| 942 | _cBK | ||
| 999 |
_c6429 _d6429 |
||